Normal view
MARC view
Entry Personal Name
001 - CONTROL NUMBER
- control field: 40962
003 - CONTROL NUMBER IDENTIFIER
- control field: dpl
005 - DATE AND TIME OF LATEST TRANSACTION
- control field: 20120206155308.0
008 - FIXED-LENGTH DATA ELEMENTS
- fixed length control field: 120206|||a|||||| | ||| d
040 ## - CATALOGING SOURCE
- Original cataloging agency: dpl
- Transcribing agency: dpl
100 ## - HEADING--PERSONAL NAME
- Personal name: कुरेशी, समीरा ज़िया
670 ## - SOURCE DATA FOUND
- Source citation: Work cat.: (dpl)62069: कुरेशी, समीरा ज़िया, बैंगनी जोजो /, 2011
670 ## - SOURCE DATA FOUND
- Source citation: Work cat.: (dpl)62069: कुरेशी, समीरा ज़िया, बैंगनी जोजो /, 2011
